000 00330nam a2200133Ia 4500
005 20260328101523.0
008 260328s9999||||xx |||||||||||||| ||und||
100 _aFerrater, Carlos
245 0 _aOAB :
_b Carlos Ferrater & Partners /
_cCarlos Ferrater
260 _bACTAR
300 _a303 p.
650 _aARQUITECTOS
942 _cBK
999 _c9691
_d9691